[Event "NOR-chT Codanserien 2017-18"]
[Site "Oslo"]
[Date "2017.12.03"]
[Round "3"]
[White "Persson, Mats"]
[Black "Flermoen, Peter"]
[Result "0-1"]
[WhiteElo "2306"]
[BlackElo "2252"]
[Annotator "NA"]
[PlyCount "106"]
[EventDate "2017.??.??"]
[EventType "team-tourn"]
[EventCountry "NOR"]
[SourceTitle "playchess.com"]
[Source "ChessBase"]
[SourceQuality "1"]
[TimeControl "40/5400+30:1800+30"]

1. d4 {[%emt 0:00:00]} Nf6 {[%emt 0:00:29]} 2. Nf3 {[%emt 0:00:00]} g6 {[%emt 0:00:10]} 3. g3 {[%emt 0:00:00]} Bg7 {[%emt 0:00:16]} 4. Bg2 {[%emt 0:00:00]} O-O {[%emt 0:00:19]} 5. O-O {[%emt 0:00:00]} d5 {[%emt 0:00:15]} 6. Bf4 {[%emt 0:00:13]} Bf5 {[%emt 0:01:24] D02: 1 d4 d5 2 Nf3 sidelines, including 2...Nf6 3 g3 and 2...Nf6 3 Bf4} 7. Nbd2 {[%emt 0:03:08]} c6 {[%emt 0:01:06]} 8. h3 {[%emt 0:00:21]} Qb6 $146 {[%emt 0:01:34]} ({Predecessor:} 8... Ne4 9. c3 Qb6 10. Qb3 Nd7 11. Rfd1 Nxd2 12. Nxd2 e5 13. dxe5 Nxe5 14. e4 dxe4 15. Nxe4 {1-0 (27) Smyslov,V (2620)-Tukmakov,V (2565) Leningrad 1971}) 9. g4 {[%emt 0:00:19]} Be4 {[%emt 0:04:15]} 10. Rb1 {[%emt 0:17:05]} Nbd7 {[%emt 0:00:47]} 11. e3 {[%emt 0:01:23]} c5 {[%emt 0:01:39]} 12. Nxe4 {[%emt 0:01:11]} Nxe4 {[%emt 0:01:04]} 13. Ne5 {[%emt 0:03:27]} Rfd8 {[%emt 0:04:10]} 14. Nxd7 {[%emt 0:07:13]} Rxd7 {[%emt 0:00:14]} 15. c3 {[%emt 0:02:20]} Qc6 {[%emt 0:05:27]} 16. Qe2 {[%emt 0:09:44]} b5 {[%emt 0:01:13]} 17. Rfd1 {[%emt 0:00:59]} Rdd8 {[%emt 0:13:01]} 18. a3 {[%emt 0:04:52]} Rac8 {[%emt 0:04:17]} 19. Bxe4 {[%emt 0:05:29]} dxe4 {[%emt 0:00:42]} 20. dxc5 {[%emt 0:00:33]} Qxc5 {[%emt 0:04:48]} 21. Rxd8+ {[%emt 0:00:21]} Rxd8 {[%emt 0:00:18]} 22. Rd1 {[%emt 0:00:08]} Rd5 {[%emt 0:02:00]} 23. Rxd5 {[%emt 0:01:04]} Qxd5 {[%emt 0:00:49]} 24. Kf1 {[%emt 0:02:20]} e5 {[%emt 0:14:03]} 25. Bg5 {[%emt 0:02:41]} f6 {[%emt 0:01:38]} 26. Bh4 {[%emt 0:00:05]} Kf7 {[%emt 0:01:03]} 27. Ke1 {[%emt 0:00:13]} a5 {[%emt 0:07:49]} 28. a4 {[%emt 0:04:20]} bxa4 {[%emt 0:02:33]} 29. Qa6 {[%emt 0:01:12]} (29. g5 $15) 29... g5 {[%emt 0:02:30]} 30. Bg3 {[%emt 0:01:44]} Bf8 {[%emt 0:01:15]} 31. h4 {[%emt 0:09:25]} h6 {[%emt 0:02:14]} 32. Qa7+ {[%emt 0:04:19]} Be7 {[%emt 0:00:47]} 33. h5 {[%emt 0:01:11]} Qb5 {[%emt 0:07:42]} 34. Qa8 {[%emt 0:02:11]} Qxb2 {[%emt 0:01:20]} 35. Qd5+ {[%emt 0:01:18]} Ke8 {[%emt 0:03:59]} 36. Qg8+ {[%emt 0:01:44]} Kd7 {[%emt 0:00:53]} 37. Qd5+ {[%emt 0:00:02]} Bd6 {[%emt 0:01:19]} 38. Qf7+ {[%emt 0:00:18]} Kc6 {[%emt 0:01:09]} 39. Qe8+ {[%emt 0:03:35]} Kc7 {[%emt 0:07:09]} 40. Qxa4 {[%emt 0:02:31]} Qb1+ {[%emt 0:31:36]} 41. Ke2 {[%emt 0:33:56]} Qd3+ {[%emt 0:00:09]} 42. Ke1 {[%emt 0:00:04]} Qxc3+ {[%emt 0:00:37]} 43. Kf1 {[%emt 0:00:01]} Qb4 {[%emt 0:00:40]} 44. Qe8 $19 {[%emt 0:00:27]} a4 {[%emt 0:00:00]} 45. Qg6 {[%emt 0:00:00]} Be7 {[%emt 0:00:00]} 46. Qxh6 {[%emt 0:00:00]} a3 {[%emt 0:00:00]} 47. Qg7 {[%emt 0:00:00]} a2 {[%emt 0:00:00]} 48. h6 {[%emt 0:00:00]} a1=Q+ {[%emt 0:00:00]} 49. Kg2 {[%emt 0:00:00]} Kd7 {[%emt 0:00:00]} 50. Qg8 {[%emt 0:00:00]} Qb5 {[%emt 0:00:00]} 51. Kh2 {[%emt 0:00:00]} Qbf1 {[%emt 0:00:00]} 52. Qd5+ {[%emt 0:00:00]} Kc7 {[%emt 0:00:00]} 53. Qxe4 {[%emt 0:00:00]} Qg1+ {[%emt 0:00:00]} 0-1

[Event "NOR-chT Codanserien 2017-18"]
[Site "Oslo"]
[Date "2017.12.03"]
[Round "3"]
[White "Andersen, Lars Even"]
[Black "Tari, Aryan"]
[Result "0-1"]
[WhiteElo "2302"]
[BlackElo "2593"]
[Annotator "TA"]
[PlyCount "92"]
[EventDate "2017.??.??"]
[EventType "team-tourn"]
[EventCountry "NOR"]
[SourceTitle "playchess.com"]
[Source "ChessBase"]
[SourceQuality "1"]

{[%evp 13,92,44,34,0,0,0,30,28,41,-20,-11,-28,-36,-47,-40,-35,-25,-35,-18,-56,22,18,14,0,-10,-59,0,0,0,0,0,0,0,15,64,52,42,-14,-12,-22,-12,-74,-75,-75,-78,-152,-118,-138,-135,-134,-128,-176,-139,-138,-128,-182,-116,-186,-193,-231,-225,-234,-212,-286,-284,-268,-266,-310,-298,-342,-351,-358,-371,-347,-356,-385,-372,-661,-648,-636,-645]} 1. d4 Nf6 2. Nf3 d5 3. c4 e6 4. g3 dxc4 5. Bg2 Bb4+ 6. Bd2 c5 {E04: Open Catalan: 5 Nf3} (6... a5 7. Qc2 Bxd2+ 8. Qxd2 c6 9. a4 Ne4 10. Qf4 Qb6 11. O-O Qxb2 12. Ne5 f6 13. Nxc4 Qxa1 14. Qxe4 Na6 {1-0 (31) Matlakov,M (2730)-Bocharov,D (2576) Sochi 2017}) 7. Bxb4 cxb4 {LiveBook: 54 Games} 8. Qa4+ Nc6 {The position is equal.} 9. Ne5 Nd5 {[%cal Bf6d5,Bd5b6,Bb6d7][%mdl 32]} 10. Nxc6 bxc6 $146 ({Predecessor:} 10... Qd7 11. e4 Nb6 12. Qxb4 Qxc6 13. Nc3 a5 14. Qa3 {1-0 (49) Ozeran,V (2133)-Kurka,D (2044) Magdeburg 2015}) 11. e4 (11. Nd2 $14) 11... Nb6 $11 12. Qxb4 Qxd4 13. Nc3 Nd7 14. Na4 Rb8 15. Qa3 $1 a5 16. Rd1 Qa7 (16... Qe5 $15) 17. Qd6 {Threatens to win with e5.} Qb7 18. e5 $36 {[%mdl 2048] [#] a3 is the strong threat. White has some pressure.} Qb4+ 19. Qxb4 (19. Rd2 {is more complex.} Qxd6 20. exd6 O-O 21. f4 Rd8 22. Bxc6 Bb7 23. Bxb7 Rxb7 24. O-O) 19... Rxb4 ({Black should play} 19... axb4 $15 20. Bxc6 Ke7) 20. Bxc6 {Hoping for Nc5.} Ke7 $1 21. a3 $1 {[%cal Ra3b4]} Rxa4 (21... Rb7 {is interesting.} 22. f4 Rc7 23. Bb5 Nc5 24. Nxc5 Rxc5 25. a4 Rc7) 22. Bxa4 {And now f4 would win.} Nxe5 23. O-O {White wants to play f4.} Ba6 24. f4 Nd3 25. Rd2 (25. Rb1 $14) 25... c3 26. bxc3 Nc5 27. Rfd1 (27. Bc2 $11 {remains equal.} Bxf1 28. Kxf1) 27... Nxa4 $17 28. Rd7+ Kf6 29. Ra7 (29. Rc7 $142) 29... Bb5 (29... Nxc3 30. Rdd7 $16) 30. c4 Bxc4 31. Rdd7 Rf8 32. Rd4 Rc8 33. Rdd7 e5 {aiming for ...exf4.} 34. fxe5+ (34. Rdc7 $17 Rxc7 35. Rxc7) 34... Kf5 ({Better is} 34... Kxe5 $19 35. Rxa5+ Nc5) 35. Rxa5 (35. Rdc7 $17 {might work better.} Rxc7 36. Rxc7) 35... Be6 $19 36. Rd2 {[#] Black must now prevent Rf2+.} Rc1+ 37. Kg2 Nc5 38. Ra7 Ne4 (38... Kxe5 39. Rb2 $19) 39. Rb2 Bc4 {( -> ...Bf1+)} 40. h3 Rc3 (40... Kxe5 41. g4 $19) 41. Kh2 Nxg3 ({Don't take} 41... Rxg3 42. Rg2 $19) 42. Rc7 Nf1+ ({Don't play} 42... Kxe5 43. Rxc4 Rxc4 44. Kxg3 $19) 43. Kg1 {Black should prevent Rf2+.} Ne3 ({Much less strong is} 43... Kxe5 44. Rxc4 Rxc4 45. Kxf1 $19) 44. e6 Kxe6 45. Re2 $2 (45. a4) 45... Kd6 46. Rxe3 Rc1+ {Precision: White = 35%, Black = 71%.} 0-1

[Event "NOR-chT Codanserien 2017-18"]
[Site "Oslo"]
[Date "2017.12.03"]
[Round "3"]
[White "Tryggestad, Andreas Garberg"]
[Black "Andersen, Alf R"]
[Result "1/2-1/2"]
[WhiteElo "2264"]
[BlackElo "2161"]
[Annotator "NA"]
[PlyCount "88"]
[EventDate "2017.??.??"]
[EventType "team-tourn"]
[EventCountry "NOR"]
[SourceTitle "playchess.com"]
[Source "ChessBase"]
[SourceQuality "1"]
[TimeControl "40/5400+30:1800+30"]

1. d4 {[%emt 0:00:00]} e6 {[%emt 0:00:08]} 2. Nf3 {[%emt 0:00:00]} f5 {[%emt 0:00:36]} 3. c4 {[%emt 0:00:04]} Nf6 {[%emt 0:00:55]} 4. Nc3 {[%emt 0:00:23]} d5 {[%emt 0:03:03]} 5. Bf4 {[%emt 0:00:19]} c6 {[%emt 0:00:07]} 6. e3 {[%emt 0:00:32]} Bd6 {[%emt 0:02:01]} 7. Ne5 {[%emt 0:05:22]} O-O {[%emt 0:01:35] A84: Dutch Defence: 2 c4 Miscellaneous} 8. Be2 {[%emt 0:02:01]} (8. Bd3 Qe7 9. c5 Bc7 10. O-O Ne8 11. h3 Nd7 12. b4 Nxe5 13. Bxe5 Bxe5 14. dxe5 b6 15. Rc1 bxc5 16. bxc5 Qxc5 {1-0 (38) Tang,A (2478)-Colas,J (2366) Saint Louis 2017}) 8... Qe7 {[%emt 0:03:05]} 9. c5 {[%emt 0:01:54]} Bxe5 {[%emt 0:14:32]} 10. Bxe5 {[%emt 0:01:51]} Ne8 {[%emt 0:00:06]} 11. O-O {[%emt 0:11:06]} Nd7 {[%emt 0:02:15]} 12. f4 {[%emt 0:02:45]} g5 $146 {[%emt 0:07:48]} ({Predecessor:} 12... Nxe5 13. fxe5 g6 14. b4 Ng7 15. b5 {0-1 (58) Yudovich,M-Rokhlin,Y Moscow 1944}) 13. b4 {[%emt 0:01:18]} Nxe5 {[%emt 0:01:38]} 14. fxe5 {[%emt 0:00:33]} Bd7 {[%emt 0:05:27]} 15. a4 {[%emt 0:06:23]} Ng7 {[%emt 0:01:43]} 16. b5 {[%emt 0:01:06]} Be8 {[%emt 0:04:43]} (16... b6 $14) 17. a5 {[%emt 0:01:14]} cxb5 {[%emt 0:08:55]} 18. Bxb5 {[%emt 0:02:13]} Bg6 {[%emt 0:01:55]} (18... Bh5 $16 {war nötig.} 19. Be2 Bxe2 20. Qxe2 a6) 19. a6 {[%emt 0:00:55]} bxa6 {[%emt 0:10:10]} 20. Rxa6 {[%emt 0:00:53]} f4 {[%emt 0:00:35]} 21. exf4 {[%emt 0:00:52]} Rxf4 {[%emt 0:05:07]} 22. Rxf4 {[%emt 0:00:39]} gxf4 {[%emt 0:00:05]} 23. Be2 {[%emt 0:12:50]} Be4 {[%emt 0:08:48]} 24. Bf3 {[%emt 0:01:11]} Qb7 {[%emt 0:03:09]} 25. Rd6 {[%emt 0:00:52]} Bxf3 {[%emt 0:01:43]} 26. Qxf3 {[%emt 0:00:14]} Qb2 {[%emt 0:02:40]} 27. h3 {[%emt 0:03:46]} Kh8 {[%emt 0:03:06]} 28. Rd7 $18 {[%emt 0:00:34]} Rg8 {[%emt 0:02:28]} 29. Ne2 {[%emt 0:04:07]} Nf5 {[%emt 0:02:29]} 30. Nxf4 {[%emt 0:21:45]} Qxd4+ {[%emt 0:00:21]} 31. Qf2 {[%emt 0:01:34]} Qa1+ {[%emt 0:01:32]} 32. Kh2 {[%emt 0:01:05]} Qxe5 {[%emt 0:00:05]} 33. c6 {[%emt 0:00:08]} Rc8 {[%emt 0:02:36]} 34. Qf3 {[%emt 0:08:43]} Rxc6 {[%emt 0:01:21]} 35. Rd8+ {[%emt 0:01:33]} Kg7 {[%emt 0:00:06]} 36. Qg4+ {[%emt 0:00:13]} Kf6 {[%emt 0:00:48]} 37. h4 {[%emt 0:00:02]} Nh6 {[%emt 0:00:47]} 38. Qg3 {[%emt 0:00:17]} Nf7 {[%emt 0:00:26]} 39. Rd7 {[%emt 0:02:04]} Rc4 {[%emt 0:00:26]} 40. Nxd5+ {[%emt 0:00:19]} Qxd5 {[%emt 0:30:36]} 41. Rxd5 {[%emt 0:30:03]} exd5 {[%emt 0:00:18]} 42. Qf2+ {[%emt 0:00:06]} Ke6 {[%emt 0:00:00]} 43. Qxa7 {[%emt 0:00:00]} Rxh4+ {[%emt 0:00:00]} 44. Kg3 {[%emt 0:00:00]} Rh5 {[%emt 0:00:00]} 1/2-1/2

[Event "NOR-chT Codanserien 2017-18"]
[Site "Oslo"]
[Date "2017.12.03"]
[Round "3"]
[White "Skrondal, Inge Sandstad"]
[Black "Haug, Johannes"]
[Result "0-1"]
[WhiteElo "2246"]
[BlackElo "2359"]
[Annotator "NA"]
[PlyCount "62"]
[EventDate "2017.??.??"]
[EventType "team-tourn"]
[EventCountry "NOR"]
[SourceTitle "playchess.com"]
[Source "ChessBase"]
[SourceQuality "1"]
[TimeControl "40/5400+30:1800+30"]

1. d4 {[%emt 0:01:41]} Nf6 {[%emt 0:00:03]} 2. Nf3 {[%emt 0:00:16]} e6 {[%emt 0:00:21]} 3. c4 {[%emt 0:00:08]} Bb4+ {[%emt 0:00:11]} 4. Bd2 {[%emt 0:00:33]} a5 {[%emt 0:00:28]} 5. a3 {[%emt 0:00:27]} Bxd2+ {[%emt 0:02:57]} 6. Qxd2 {[%emt 0:00:11]} b6 {[%emt 0:10:00]} 7. Nc3 {[%emt 0:03:49]} Bb7 {[%emt 0:08:09]} 8. Qc2 {[%emt 0:04:47]} d5 {[%emt 0:02:44]} 9. cxd5 {[%emt 0:03:17]} exd5 {[%emt 0:00:58]} 10. e3 {[%emt 0:15:56]} O-O {[%emt 0:01:03]} 11. Be2 {[%emt 0:01:38]} Nbd7 {[%emt 0:07:08]} 12. O-O {[%emt 0:01:01]} c5 {[%emt 0:04:23]} 13. Rfd1 {[%emt 0:07:11]} Rc8 {[%emt 0:04:16]} 14. Bb5 {[%emt 0:06:18]} Qe7 {[%emt 0:10:42]} 15. Qf5 {[%emt 0:05:59]} Rfd8 {[%emt 0:03:34]} 16. Ne5 {[%emt 0:07:54]} Nf8 {[%emt 0:06:31]} 17. Na4 {[%emt 0:18:48]} Rd6 $11 {[%emt 0:02:15]} 18. Rac1 {[%emt 0:01:56]} Ne6 {[%emt 0:01:44]} 19. Nc3 {[%emt 0:02:34]} g6 {[%emt 0:03:22]} 20. Qb1 {[%emt 0:01:18]} cxd4 {[%emt 0:04:13]} 21. exd4 {[%emt 0:00:08]} Nxd4 {[%emt 0:00:55]} 22. Nxg6 {[%emt 0:00:26]} Nf3+ {[%emt 0:00:57]} 23. gxf3 {[%emt 0:00:02]} hxg6 {[%emt 0:00:15]} 24. Rd4 {[%emt 0:01:39]} Qe5 {[%emt 0:04:05]} 25. Ne2 {[%emt 0:03:30]} Rc5 {[%emt 0:01:51]} 26. f4 {[%emt 0:01:32]} Qe6 {[%emt 0:01:21]} 27. Bd3 {[%emt 0:02:35]} Qh3 {[%emt 0:05:02]} 28. f3 {[%emt 0:04:12]} Qxf3 {[%emt 0:02:08]} 29. Rf1 {[%emt 0:00:09]} Qe3+ {[%emt 0:03:23]} 30. Kg2 {[%emt 0:00:21]} Ne4 {[%emt 0:01:38]} 31. Rf3 {[%emt 0:01:52]} Qxf3+ {[%emt 0:00:17]} 0-1

[Event "NOR-chT Codanserien 2017-18"]
[Site "Oslo"]
[Date "2017.12.03"]
[Round "3"]
[White "Berg, Johan"]
[Black "Christiansen, Johan-Sebastian"]
[Result "1/2-1/2"]
[WhiteElo "2216"]
[BlackElo "2495"]
[Annotator "TA"]
[PlyCount "267"]
[EventDate "2017.??.??"]
[EventType "team-tourn"]
[EventCountry "NOR"]
[SourceTitle "playchess.com"]
[Source "ChessBase"]
[SourceQuality "1"]

{[%evp 19,267,0,0,-10,8,0,20,0,12,7,20,-46,0,-70,-72,-97,-82,-72,-79,-70,-81,-61,0,0,31,-9,0,-66,0,0,0,0,77,-6,130,0,56,11,27,11,11,12,12,12,13,0,0,0,8,0,0,0,0,0,0,0,0,0,0,0,0,0,0,0,0,0,8,0,42,37,65,66,77,56,70,50,59,49,71,24,66,73,122,63,372,137,360,356,179,8,3,0,0,0,8,8,8,8,8,8,25,20,18,8,8,-3,-6,-6,-8,-8,8,8,8,0,0,0,0,0,0,0,0,0,0,0,0,0,0,0,0,0,0,0,0,0,0,0,0,0,0,0,0,0,0,0,0,0,0,0,0,0,0,0,0,0,0,0,0,0,0,0,0,0,0,0,0,0,0,0,0,0,0,0,0,0,0,0,0,0,0,0,0,0,0,0,0,0,0,0,0,0,0,0,0,0,0,0,0,0,0,0,0,0,0,0,0,0,0,0,0,0,0,0,0,0,0,0,0,0,0,0,0,0,0,0,0,0,0,0,0,0,0,0,0,0,0,0,0,0,0,0,0,0,0,0,0,0,0,0,0,0]} 1. e4 e6 2. d4 d5 3. Nc3 Nf6 4. e5 Nfd7 5. f4 c5 6. Nf3 Nc6 7. Be3 Be7 8. Qd2 O-O 9. g3 {C11: French: Classical System: 4 e5 and 4 Bg5 dxe4} (9. dxc5 Nxc5 10. O-O-O Qa5 11. Kb1 Rd8 12. Nd4 Bf8 13. g4 Bd7 14. h4 Rab8 15. Nce2 Qxd2 16. Rxd2 Ne4 17. Rd1 Nxd4 18. Bxd4 {1-0 (34) Adhiban,B (2670)-Korobov,A (2711) Khanty-Mansiysk 2017}) 9... a6 10. Bg2 b5 {LiveBook: 6 Games} 11. dxc5 Nxc5 12. a3 $146 ({Predecessor:} 12. Qf2 Nd7 13. O-O b4 14. Ne2 a5 15. Ned4 Nxd4 16. Nxd4 Qc7 {1-0 (52) Zawadzka,J (2385)-Kadziolka,B (2295) St Petersburg 2009}) 12... Bb7 13. O-O Rc8 14. Qf2 Na5 15. Bd4 (15. b4 $11 Nd7 16. Nxb5 axb5 17. bxa5) 15... Nc4 16. b4 (16. Nd1 $1 $11) 16... Ne4 $15 17. Qe2 {[#]} Nxa3 $1 {[%mdl 512]} 18. Rxa3 {Strongly threatening Na2.} Bxb4 19. Nb1 Bxa3 20. Nxa3 Qa5 (20... Qc7 $15 21. Rb1 Nc3 22. Bxc3 Qxc3) 21. Ra1 $11 b4 22. Nb1 {[%mdl 1024] White has compensation.} Qc7 23. Ra2 (23. Ne1 $1 $11) 23... Rfd8 (23... Qc4 $15 24. Qxc4 dxc4) 24. Qe3 Rd7 25. Bf1 Qc6 (25... Ra8 $11 {remains equal.}) 26. Bd3 ({White should play} 26. Nbd2 $16) 26... h6 {[#]} (26... Ra8 $1 $11) 27. g4 (27. Nbd2 $1 $16) 27... Nc5 (27... Ra8 $11) 28. Nbd2 (28. Bf1 {looks sharper.} Ne4 29. Nbd2 a5 30. Nb3 Ra8 31. Nxa5 Qc8 32. Bd3) 28... Nxd3 29. Qxd3 a5 30. Rxa5 Qxc2 31. Qxc2 Rxc2 32. Rb5 Ba6 33. Rxb4 Be2 34. Rb8+ Kh7 35. Rb2 Rdc7 36. Rxc2 Rxc2 37. h3 h5 38. Be3 hxg4 39. hxg4 Ra2 40. Bd4 Kg8 41. Bf2 Kf8 42. Kg2 d4 43. Kg3 d3 {Threatens to win with ...Bxf3.} (43... Bxf3 $5 44. Nxf3 d3 $11) 44. Be3 Ke8 45. Ne4 Ra3 46. Nfd2 Bd1 47. Bc5 Ra2 48. Bb4 Ra1 49. f5 Ba4 50. f6 gxf6 51. exf6 (51. Nd6+ $16 Kf8 52. exf6) 51... Re1 $2 {[%mdl 8192]} ({Black should try} 51... Rg1+ $1 $14 52. Kf4 e5+ 53. Ke3 (53. Kxe5 Rxg4 54. Kd5 Bc2 $16) 53... Rxg4) 52. Kf4 $2 (52. Nc4 $18 Rg1+ 53. Kf4) 52... Bc6 $2 (52... Re2 $16 53. g5 Bc6 54. Nd6+ Kf8 55. N6c4+ Kg8) 53. Nd6+ $18 Kf8 {[#]} 54. g5 $2 (54. N6c4+ $1 $18 Kg8 55. Ne5) 54... e5+ $11 55. Kg3 {Black must now prevent Nf3.} Kg8 56. Nf5 Rg1+ 57. Kf2 Rg2+ 58. Ke3 {And now Ne7+ would win.} Kh7 59. Ne7 Bd7 60. g6+ fxg6 {The position is equal.} 61. f7 Kg7 62. Nxg6 Re2+ 63. Kxd3 Bb5+ 64. Nc4 Bxc4+ 65. Kxc4 Kxf7 66. Nxe5+ Rxe5 {[%mdl 4096] Endgame KR-KB} 67. Bc5 Ke6 68. Bd4 Rh5 69. Bc5 Rh1 70. Bd4 Kd6 71. Kd3 Kd5 72. Bb6 (72. Be3 {keeps more tension.} Ke6 73. Bd4 Kd7 74. Be3 Kc6 75. Ke4) 72... Rb1 73. Ba7 Rb7 74. Bf2 Rb3+ 75. Ke2 Ke4 76. Bc5 Rb5 77. Ba7 Rb2+ 78. Kf1 Kf3 {[%cal Rb2b1]} 79. Kg1 Kg3 {[%cal Rb2b1]} 80. Kh1 Rb5 81. Be3 Rh5+ 82. Kg1 Re5 83. Bf2+ Kf3 84. Bb6 Rb5 85. Bd4 Rd5 86. Bb6 Rd2 87. Ba7 Rg2+ (87... Rd1+ {seems wilder.} 88. Kh2 Rd2+ 89. Kg1) 88. Kh1 $1 Kg3 (88... Ra2 {keeps more tension.} 89. Bd4 Ke4 90. Bg1 Kf5 91. Bh2 Kg4) 89. Bb8+ Kf2 90. Ba7+ Kf1 91. Bb8 Rg1+ 92. Kh2 Rg8 93. Bd6 Rg6 94. Be5 Kf2 {[%cal Rg6h6]} 95. Kh1 Rg5 96. Bc7 Rg6 97. Be5 Rg1+ 98. Kh2 Rg5 {[%cal Rg5h5]} 99. Bd4+ Kf3 100. Bb6 Rb5 101. Bd4 Rd5 102. Bb6 Rd2+ 103. Kh1 Kg3 104. Bc7+ Kh3 {[%cal Rd2d1]} 105. Bb6 Rh2+ 106. Kg1 Rb2 107. Bd4 Rc2 108. Kh1 Kg3 109. Be5+ Kf3 110. Bd4 Rd2 111. Bb6 Kg3 112. Bc7+ Kh3 {[%cal Rd2d1]} 113. Bb6 Rd6 114. Bc5 Rh6 115. Be3 Rh5 116. Bb6 Kg3+ 117. Kg1 Rd5 {[%cal Rd5d1]} 118. Kh1 Rd2 119. Bc7+ Kf3 120. Bh2 Kf2 121. Bg1+ Kg3 122. Bb6 Rh2+ 123. Kg1 Rb2 {[%cal Rb2b1]} 124. Bc7+ Kf3 125. Bd6 Rg2+ 126. Kh1 Rd2 127. Bh2 Kf2 {( -> ...Rd1+)} 128. Bg1+ Kg3 129. Bb6 Rh2+ 130. Kg1 Rc2 {[%cal Rc2c1]} 131. Kh1 Rd2 132. Bc7+ Kf2 133. Bb6+ Kf1 134. Bg1 {Precision: White = 55%, Black = 48%.} 1/2-1/2

[Event "NOR-chT Codanserien 2017-18"]
[Site "Oslo"]
[Date "2017.12.03"]
[Round "3"]
[White "Moen, Ole Christian"]
[Black "Mikalsen, Harald"]
[Result "1-0"]
[WhiteElo "2178"]
[BlackElo "2030"]
[Annotator "NA"]
[PlyCount "55"]
[EventDate "2017.??.??"]
[EventType "team-tourn"]
[EventCountry "NOR"]
[SourceTitle "playchess.com"]
[Source "ChessBase"]
[SourceQuality "1"]
[TimeControl "40/5400+30:1800+30"]

1. e4 {[%emt 0:00:44]} e5 {[%emt 0:01:16]} 2. Nf3 {[%emt 0:00:09]} Nc6 {[%emt 0:02:39]} 3. Bb5 {[%emt 0:00:09]} a6 {[%emt 0:00:15]} 4. Ba4 {[%emt 0:04:39]} Nf6 {[%emt 0:00:11]} 5. O-O {[%emt 0:00:06]} b5 {[%emt 0:01:01]} 6. Bb3 {[%emt 0:00:19]} Be7 {[%emt 0:01:51]} 7. Re1 {[%emt 0:02:27]} O-O {[%emt 0:02:09]} 8. a4 {[%emt 0:00:09]} Bb7 {[%emt 0:00:33]} 9. c3 {[%emt 0:00:07]} d6 {[%emt 0:02:07]} 10. d4 {[%emt 0:01:30]} Nb8 {[%emt 0:14:27]} 11. axb5 {[%emt 0:06:03]} ({Better is} 11. dxe5 $16 dxe5 12. Qxd8 (12. Nxe5 Qxd1 13. Bxd1 Nbd7 $14) 12... Bxd8 13. Nxe5) 11... axb5 {[%emt 0:00:19]} 12. Rxa8 {[%emt 0:00:05]} Bxa8 {[%emt 0:00:12]} 13. Nbd2 {[%emt 0:00:05]} Nbd7 {[%emt 0:00:21]} 14. h3 {[%emt 0:04:38]} Qb8 {[%emt 0:01:03]} 15. Bc2 $14 {[%emt 0:02:02]} c5 {[%emt 0:01:43]} 16. Nf1 {[%emt 0:00:26]} b4 {[%emt 0:04:34]} 17. Ng3 {[%emt 0:02:04]} g6 {[%emt 0:12:43]} 18. Bg5 {[%emt 0:03:19]} exd4 {[%emt 0:12:22]} 19. cxd4 {[%emt 0:00:34]} c4 {[%emt 0:01:18]} 20. e5 {[%emt 0:07:17]} Nd5 {[%emt 0:01:38]} 21. Bxe7 {[%emt 0:04:37]} Nxe7 {[%emt 0:00:34]} 22. Qe2 {[%emt 0:14:37]} Bd5 {[%emt 0:17:32]} 23. Be4 {[%emt 0:11:27]} Be6 {[%emt 0:12:42]} 24. d5 {[%emt 0:06:05]} Nxd5 {[%emt 0:00:29]} 25. Qd2 {[%emt 0:01:47]} c3 {[%emt 0:01:50]} 26. Qh6 {[%emt 0:05:31]} Nxe5 {[%emt 0:07:04]} 27. Ng5 {[%emt 0:00:57]} Nf6 {[%emt 0:00:18]} 28. Nh5 {[%emt 0:00:14]} 1-0